Mecanica de materiales (Registro nro. 21734)

Detalles MARC
000 -Cabecera
Campo de control interno 01175nam a2200277Ia 4500
005 - Fecha y hora del registro
control field 20260401154413.0
008 - Elementos de Longitud Fija
fixed length control field 260320s9999||||xx |||||||||||||| ||und||
020 ## - ISBN
ISBN 9781456284862
041 ## - Idioma
Codigo Idioma ESP
082 ## - DEWEY y NOTACIÓN INTERNA
Dewey 620.11
Notación Interna B133
100 ## - AUTOR
Autor denominación Beer, Ferdinand P.,
Término de relación autor
245 #0 - TÍTULO DE MATERIAL BIBLIOGRÁFICO
Título Mecanica de materiales
246 ## - TÍTULO TRADUCIDO
Autor Murrieta Murrieta, Jesús Elmer
250 ## - EDICIÓN
Edición Octava edición
260 ## - CIUDAD, EDITORIAL, AÑO
Ciudad Ciudad de México :
Nombre de la Editorial McGraw Hill,
Año 2021
300 ## - DESCRIPCIÓN
N° Páginas varias paginaciones
Otros detalles ilustraciones ;
Dimensiones 27 cm.
650 ## - TEMAS
Temas Tecnología (Ciencias Aplicadas)
653 ## - DESCRIPTORES
Lenguajes no controlado Materiales de ingeniería
654 ## - PROGRAMAS
Programa Dpto. de Ingeniería Industrial
856 ## - URL - UBICACIÓN
URI/URL: Enlace exacto del recurso <a href="https://itmsp.museknowledge.com/UCSP?url=https://www.ebooks7-24.com:443/?il=16359&pg=1">https://itmsp.museknowledge.com/UCSP?url=https://www.ebooks7-24.com:443/?il=16359&pg=1</a>
Nota pública: Versión digital <a href="Versión digital">Versión digital</a>
856 ## - URL - UBICACIÓN
URI/URL: Enlace exacto del recurso <a href="https://0u213uy6a-y-https-ebooks7--24-com.itmsp.museknowledge.com/biblioteca.aspx">https://0u213uy6a-y-https-ebooks7--24-com.itmsp.museknowledge.com/biblioteca.aspx</a>
Nota pública: Versión digital <a href="Véase además: Base de datos Ebook7-24">Véase además: Base de datos Ebook7-24</a>
856 ## - URL - UBICACIÓN
URI/URL: Enlace exacto del recurso <a href="https://0u21duy6g-y-https-ebooks-editorialmacro-com.itmsp.museknowledge.com/library">https://0u21duy6g-y-https-ebooks-editorialmacro-com.itmsp.museknowledge.com/library</a>
Nota pública: Versión digital <a href="Véase además: Base de datos Macro Digital">Véase además: Base de datos Macro Digital</a>
856 ## - URL - UBICACIÓN
URI/URL: Enlace exacto del recurso <a href="https://0u20fuy6l-y-https-research-ebsco-com.itmsp.museknowledge.com/c/qxo6us/search">https://0u20fuy6l-y-https-research-ebsco-com.itmsp.museknowledge.com/c/qxo6us/search</a>
Nota pública: Versión digital <a href="Véase además: Base de datos EBSCOhost">Véase además: Base de datos EBSCOhost</a>
942 ## - ELEMENTOS DE KOHA
Tipo de documento Libro
Nombre del creador Justo Noguera
Código de catalogador Mirtha Ponce
Esquema de clasificación Dewey Decimal Classification
Existencias
Codigo completo Registro Colección Copia número Disponibilidad Tipo de préstamo Biblioteca Actual Procedencia (Biblioteca) Ubicacón Fecha Ingreso Tipo de Adquisición Observación Date last seen Total checkouts Price effective from Tipo de Item Estado del Material Fuente de Clasificación Damaged status Withdrawn status
620.11 B133 1085287 Universidad Católica San Pablo 1 Disponible Disponible Víctor Andrés Belaunde Víctor Andrés Belaunde Segundo piso 10/03/2026 Compra Ingeniería civil 20/03/2026   20/03/2026 Libro Bueno Dewey Decimal Classification